<?xml version="1.0" encoding="UTF-8"?>
<collection xmlns="http://www.loc.gov/MARC21/slim">
 <record>
  <leader>03256cam a2200553  c4500</leader>
  <controlfield tag="001">1172391238</controlfield>
  <controlfield tag="003">DE-627</controlfield>
  <controlfield tag="005">20230814083831.0</controlfield>
  <controlfield tag="007">tu</controlfield>
  <controlfield tag="008">021211s2002    xx |||||      00| ||ger c</controlfield>
  <datafield tag="020" ind1=" " ind2=" ">
   <subfield code="a">3775220011</subfield>
   <subfield code="9">3-7752-2001-1</subfield>
  </datafield>
  <datafield tag="035" ind1=" " ind2=" ">
   <subfield code="a">(DE-627)1172391238</subfield>
  </datafield>
  <datafield tag="035" ind1=" " ind2=" ">
   <subfield code="a">(DE-576)102391238</subfield>
  </datafield>
  <datafield tag="035" ind1=" " ind2=" ">
   <subfield code="a">(DE-599)BSZ102391238</subfield>
  </datafield>
  <datafield tag="035" ind1=" " ind2=" ">
   <subfield code="a">(OCoLC)314079221</subfield>
  </datafield>
  <datafield tag="040" ind1=" " ind2=" ">
   <subfield code="a">DE-627</subfield>
   <subfield code="b">ger</subfield>
   <subfield code="c">DE-627</subfield>
   <subfield code="e">rakwb</subfield>
  </datafield>
  <datafield tag="041" ind1=" " ind2=" ">
   <subfield code="a">ger</subfield>
   <subfield code="a">lat</subfield>
  </datafield>
  <datafield tag="084" ind1=" " ind2=" ">
   <subfield code="a">NM 1100</subfield>
   <subfield code="2">rvk</subfield>
   <subfield code="0">(DE-625)rvk/126263:</subfield>
  </datafield>
  <datafield tag="084" ind1=" " ind2=" ">
   <subfield code="a">PW 2010</subfield>
   <subfield code="2">rvk</subfield>
   <subfield code="0">(DE-625)rvk/140820:</subfield>
  </datafield>
  <datafield tag="245" ind1="1" ind2="4">
   <subfield code="a">Die Urkunden Friedrichs II.</subfield>
   <subfield code="p">1198 - 1212</subfield>
   <subfield code="c">bearb. von Walter Koch. Unter Mitw. von Klaus Höflinger ... und unter Verwendung von Vorarbeiten von Charlotte Schroth-Köhler</subfield>
  </datafield>
  <datafield tag="246" ind1="3" ind2="3">
   <subfield code="a">Die Urkunden Friedrichs II. 1198 - 1212</subfield>
  </datafield>
  <datafield tag="264" ind1=" " ind2="1">
   <subfield code="a">Hannover</subfield>
   <subfield code="b">Hahn</subfield>
   <subfield code="c">2002</subfield>
  </datafield>
  <datafield tag="300" ind1=" " ind2=" ">
   <subfield code="a">LVI, 522 S.</subfield>
   <subfield code="b">Ill.</subfield>
  </datafield>
  <datafield tag="336" ind1=" " ind2=" ">
   <subfield code="a">Text</subfield>
   <subfield code="b">txt</subfield>
   <subfield code="2">rdacontent</subfield>
  </datafield>
  <datafield tag="337" ind1=" " ind2=" ">
   <subfield code="a">ohne Hilfsmittel zu benutzen</subfield>
   <subfield code="b">n</subfield>
   <subfield code="2">rdamedia</subfield>
  </datafield>
  <datafield tag="338" ind1=" " ind2=" ">
   <subfield code="a">Band</subfield>
   <subfield code="b">nc</subfield>
   <subfield code="2">rdacarrier</subfield>
  </datafield>
  <datafield tag="490" ind1="1" ind2=" ">
   <subfield code="a">Monumenta Germaniae Historica</subfield>
   <subfield code="a">[Diplomata. 4], Diplomata regum et imperatorum Germaniae</subfield>
   <subfield code="v">Bd. 14, Teil 1</subfield>
  </datafield>
  <datafield tag="655" ind1=" " ind2="7">
   <subfield code="a">Quelle</subfield>
   <subfield code="0">(DE-588)4135952-5</subfield>
   <subfield code="0">(DE-627)105661236</subfield>
   <subfield code="0">(DE-576)209665084</subfield>
   <subfield code="2">gnd-content</subfield>
  </datafield>
  <datafield tag="689" ind1="0" ind2="0">
   <subfield code="d">g</subfield>
   <subfield code="0">(DE-588)4011882-4</subfield>
   <subfield code="0">(DE-627)104704861</subfield>
   <subfield code="0">(DE-576)208896155</subfield>
   <subfield code="a">Deutschland</subfield>
   <subfield code="2">gnd</subfield>
  </datafield>
  <datafield tag="689" ind1="0" ind2="1">
   <subfield code="a">z</subfield>
   <subfield code="2">gnd</subfield>
   <subfield code="a">Geschichte 1198-1250</subfield>
  </datafield>
  <datafield tag="689" ind1="0" ind2="2">
   <subfield code="d">s</subfield>
   <subfield code="0">(DE-588)4140893-7</subfield>
   <subfield code="0">(DE-627)105624489</subfield>
   <subfield code="0">(DE-576)209706716</subfield>
   <subfield code="a">Königsurkunde</subfield>
   <subfield code="2">gnd</subfield>
  </datafield>
  <datafield tag="689" ind1="0" ind2=" ">
   <subfield code="5">(DE-627)</subfield>
  </datafield>
  <datafield tag="689" ind1="1" ind2="0">
   <subfield code="d">p</subfield>
   <subfield code="0">(DE-588)118535765</subfield>
   <subfield code="0">(DE-627)07933587X</subfield>
   <subfield code="0">(DE-576)208925139</subfield>
   <subfield code="a">Friedrich</subfield>
   <subfield code="b">II.</subfield>
   <subfield code="c">Heiliges Römisches Reich, Kaiser</subfield>
   <subfield code="d">1194-1250</subfield>
   <subfield code="2">gnd</subfield>
  </datafield>
  <datafield tag="689" ind1="1" ind2=" ">
   <subfield code="5">(DE-627)</subfield>
  </datafield>
  <datafield tag="773" ind1="1" ind2="8">
   <subfield code="w">(DE-627)1172391106</subfield>
   <subfield code="w">(DE-576)102391106</subfield>
   <subfield code="q">1</subfield>
   <subfield code="7">nnnm</subfield>
  </datafield>
  <datafield tag="787" ind1="0" ind2="8">
   <subfield code="i">Rezensiert in</subfield>
   <subfield code="a">Grévin, Benoît, 1973 - </subfield>
   <subfield code="t">[Rezension von: Die Urkunden Friedrichs II. 1198-1212, Band 1, 1198-1212]</subfield>
   <subfield code="d">Sigmaringen : Jan Thorbecke Verlag, 2006</subfield>
   <subfield code="w">(DE-627)1670629414</subfield>
  </datafield>
  <datafield tag="787" ind1="0" ind2="8">
   <subfield code="i">Rezensiert in</subfield>
   <subfield code="a">Grévin, Benoît, 1973 - </subfield>
   <subfield code="t">[Rezension von: Walter Koch (Hrsg.), Die Urkunden Friedrichs II. 1198-1212, Band 1]</subfield>
   <subfield code="d">Sigmaringen : Jan Thorbecke Verlag, 2006</subfield>
   <subfield code="w">(DE-627)1681981742</subfield>
  </datafield>
  <datafield tag="787" ind1="0" ind2="8">
   <subfield code="i">Rezensiert in</subfield>
   <subfield code="a">Petersen, Stefan, 1965 - </subfield>
   <subfield code="t">[Rezension von: Monumenta Germaniae Historica, Diplomata regum et imperatorum Germaniae, Die Urkunden der Deutschen Könige und Kaiser, Bd. 14,1, Friderici II. diplomata inde ab anno MCXCVIII usque ad annum MCCXII, Die Urkunden Friedrichs II. 1198-1212]</subfield>
   <subfield code="d">2003</subfield>
   <subfield code="w">(DE-627)1748519964</subfield>
  </datafield>
  <datafield tag="830" ind1=" " ind2="0">
   <subfield code="a">Monumenta Germaniae historica / Diplomata / 4</subfield>
   <subfield code="v">Bd. 14, Teil 1</subfield>
   <subfield code="9">14,1</subfield>
   <subfield code="w">(DE-627)505335190</subfield>
   <subfield code="w">(DE-576)018094198</subfield>
   <subfield code="w">(DE-600)2216141-7</subfield>
   <subfield code="x">0343-091X</subfield>
   <subfield code="7">ns</subfield>
  </datafield>
  <datafield tag="889" ind1=" " ind2=" ">
   <subfield code="w">(DE-576)484400088</subfield>
  </datafield>
  <datafield tag="936" ind1="r" ind2="v">
   <subfield code="a">NM 1100</subfield>
   <subfield code="b">Deutschland</subfield>
   <subfield code="k">Geschichte des Mittelalters</subfield>
   <subfield code="k">Quellen und Darstellungen zum Gesamtzeitraum</subfield>
   <subfield code="k">Quellen (vor allem Reihen)</subfield>
   <subfield code="k">Deutschland</subfield>
   <subfield code="0">(DE-627)1270879855</subfield>
   <subfield code="0">(DE-625)rvk/126263:</subfield>
   <subfield code="0">(DE-576)200879855</subfield>
  </datafield>
  <datafield tag="936" ind1="r" ind2="v">
   <subfield code="a">PW 2010</subfield>
   <subfield code="b">Monumenta</subfield>
   <subfield code="k">Deutsche und ausländische Rechtsgeschichte</subfield>
   <subfield code="k">Quellen</subfield>
   <subfield code="k">Allgemeine Quellen</subfield>
   <subfield code="k">Monumenta</subfield>
   <subfield code="0">(DE-627)127145520X</subfield>
   <subfield code="0">(DE-625)rvk/140820:</subfield>
   <subfield code="0">(DE-576)20145520X</subfield>
  </datafield>
  <datafield tag="951" ind1=" " ind2=" ">
   <subfield code="a">MV</subfield>
  </datafield>
  <datafield tag="990" ind1=" " ind2=" ">
   <subfield code="a">Deutschland</subfield>
  </datafield>
  <datafield tag="990" ind1=" " ind2=" ">
   <subfield code="a">Geschichte 1198-1250</subfield>
  </datafield>
  <datafield tag="990" ind1=" " ind2=" ">
   <subfield code="a">Königsurkunde</subfield>
  </datafield>
  <datafield tag="990" ind1=" " ind2=" ">
   <subfield code="a">Friedrich &lt;II., Heiliges Römisches Reich, Kaiser&gt; </subfield>
  </datafield>
  <datafield tag="991" ind1=" " ind2=" ">
   <subfield code="a">Rezensiertes Werk</subfield>
  </datafield>
  <datafield tag="999" ind1=" " ind2=" ">
   <subfield code="a">KXP-PPN1172391238</subfield>
   <subfield code="e">4020527458</subfield>
  </datafield>
 </record>
</collection>
